| 000 | 01113nam a22003257a 4500 | ||
|---|---|---|---|
| 003 | CHAP | ||
| 005 | 20220329141755.0 | ||
| 008 | 971013s1984 r 00010 d | ||
| 010 | _a73602 | ||
| 011 | _a74574 | ||
| 035 | _a84133 | ||
| 040 | _cCHAP | ||
| 090 | _aTesis | ||
| 100 | 0 | 0 |
_aAlcíbar Mera, Pablo. _93660 |
| 245 | _aEvaluación de la infectividad de miracidios y metacercarias de Fasciola hepatica con relación a su origen | ||
| 260 |
_aMéxico, D. F. : _bEl autor, _c1984 |
||
| 300 |
_as.p. _b; tablas |
||
| 502 | _aTesis (Médico Veterinario Zootecnista) -- UNAM. Fac. de Medicina Veterinaria y Zootecnia | ||
| 590 |
_aALEPH _b10 _c20130110 _lUCH01 _h1416 |
||
| 590 |
_aBATCH-UPD _b10 _c20130110 _lUCH01 _h0438 |
||
| 590 |
_aBATCH-UPD _b10 _c20130110 _lUCH01 _h2331 |
||
| 590 |
_aBATCH-UPD _b10 _c20130410 _lUCH01 _h0113 |
||
| 590 |
_aBATCH-UPD _b10 _c20130913 _lUCH01 _h2358 |
||
| 590 |
_aCONVERSION _b10 _c20130109 _lUCH01 _h1340 |
||
| 650 | 1 | 4 |
_aFasciola hepatica. _939814 |
| 650 | 1 | 4 |
_aGanado vacuno _xParásitos. _945500 |
| 901 | _aBK | ||
| 942 | _cTESIS | ||
| 949 |
_bBC _cTES _d-39298 _eTS1 _i84133 _si |
||
| 999 |
_c73602 _d73602 |
||